Wir angeln : ein Leitfaden für Anfämger und Fortgeschrittene /

Hlavní autor: Göllner, Armin
Jazyk: Němčina
Vydáno: Berlin : Sportverlag, 1985
Vydání: 1. Aufl.
Edice: Bibliothek des Angelsports
Témata:
Fyzický popis: 160 s.
Knihy
Uloženo v:
LEADER 00717nam a22002172a 4500
001 000183443
003 CZ BrMZK
005 19970107143423.0
008 970107s1985 gw f ger d
040 |a BOA001  |b cze 
100 1 |a Göllner, Armin  |7 xx0000585 
245 1 0 |a Wir angeln :  |b ein Leitfaden für Anfämger und Fortgeschrittene /  |c Armin Göllner 
250 |a 1. Aufl. 
260 |a Berlin :  |b Sportverlag,  |c 1985 
300 |a 160 s. 
490 1 |a Bibliothek des Angelsports 
830 0 |a Bibliothek des Angelsports 
910 |a BOA001  |b PK-0102.298 
964 |a Rybářství sportovní - příručky 
990 |a BK 
996 7 |b 3119947396  |c PK-0102.298  |l MZK  |r Sklad / do 1 hodiny  |n 0  |w 000183443  |u 000010  |a 1  |e BOA001  |j MZK50  |s A